La piel desnuda del espejo
Salvato in:
| Autore principale: | |
|---|---|
| Natura: | Libro |
| Lingua: | Undetermined |
| Pubblicazione: |
Buenos Aires, Argentina
Editorial Plus Ultra
1995
|
| Edizione: | 3 |
| Soggetti: | |
| Tags: |
Aggiungi Tag
Nessun Tag, puoi essere il primo ad aggiungerne!!
|
MARC
| LEADER | 00000nam a2200000Ia 4500 | ||
|---|---|---|---|
| 008 | 170316s9999 xx 000 0 und d | ||
| 999 | |c 11679 |d 11679 | ||
| 040 | |a cru BVZT | ||
| 090 | |a 869 B-2p | ||
| 100 | |a Bins, Patricia | ||
| 245 | |a La piel desnuda del espejo |c / Patricia Bins | ||
| 250 | |a 3 | ||
| 260 | |a Buenos Aires, Argentina |b Editorial Plus Ultra |c 1995 | ||
| 300 | |a 162 páginas | ||
| 650 | |a LITERATURA BRASILEÑA |9 196 | ||
| 942 | |c 15 D |h 869 B-2p |2 z | ||
